| 000 | 00341nam a2200121Ia 4500 | ||
|---|---|---|---|
| 008 | 150202s9999 xx 000 0 und d | ||
| 050 |
_aFIC _bFIC |
||
| 100 | _aMcPherren, Charlotte. | ||
| 245 |
_aSong of the willow / _cCharlotte McPherren. |
||
| 260 |
_aUSA : _bStripped Books, _c1993. |
||
| 300 |
_a364 pages : _c18 cm. |
||
| 650 | _aFiction. | ||
| 999 |
_c282224 _d282224 |
||